| 000 | 00676nam a2200193 i 4500 | ||
|---|---|---|---|
| 001 | 48956 | ||
| 003 | ES-MaACL | ||
| 005 | 20250902131137.0 | ||
| 007 | t| | ||
| 008 | 030703s1952 ag ||||1| spa d | ||
| 100 | 1 |
_aCornejo, Atilio. _940607 |
|
| 245 | 1 | 0 |
_aLevillier, historiador de América / _cAtilio Cornejo. |
| 260 |
_aSalta : _b[s.n.], _c1952 ( _fImp. Rómulo D'Uva) |
||
| 300 |
_a125 p., 1 lám. ; _c23 cm. |
||
| 500 | _aEs separata de: Boletín del Instituto de S. Felipe y Santiago de Estudios Históricos de Salta. T. VI, nº 25, año 1951. | ||
| 600 | 1 | 4 |
_aLevillier, Roberto, _d1886-1969 _971965 |
| 852 |
_aES-MaACL _jD-8466 _bR.32958 |
||
| 999 |
_c48956 _d48956 |
||